Quiz o Szymonie Slo - Statystyki

Ogólne statystyki
  • Ten quiz został rozwiązany 6 razy
  • Średni wynik to 6 z 9
Statystyki odpowiedzi
Hint Odpowiedź % Poprawnych
Czy Szymon ma rozmiar buta większy od 50 czy mniejszy? Większy
100%
Wada wzroku Szymona 0.5
75%
Jakie włosy ma Szymon? Fluffy
75%
Kolor starych dobrych okularów Szymona Niebieski
75%
Jaki wzrost ma Szymon Slo? (w centymetrach) 200
50%
Jaki nick miał kiedyś Szymon? c_____a cossita
50%
Komu Szymon dał ciążą spożywczą? Hani
50%
Wybrzeże nazwanie po Szymonie Slo Wybrzeże Słowińskie
50%
Ćwiczenie, które Szymon musiał robić na siatkówce z Bartkiem przez to że nie przebili piłki za siatke Składaki
25%
Nie znaleziono quizów pasujących do podanych kryteriów
Rozkład punktacji
Procent ludzi z każdym wynikiem
Percentyl według liczby udzielonych odpowiedzi
Twoja historia wyników
Nie rozwiązałeś tego quizu